| 000 | 00495nam a2200169Ia 4500 | ||
|---|---|---|---|
| 999 |
_c25724 _d25724 |
||
| 003 | OSt | ||
| 005 | 20201215154046.0 | ||
| 008 | 190216s9999||||xx |||||||||||||| ||und|| | ||
| 040 | _coclc | ||
| 082 |
_a894.8124 _bIRU/U |
||
| 100 |
_aIrumbayam, George _97135 |
||
| 245 | 0 |
_aUpasikunnu Dukhathe Njan / _cGeorge Irumbayam |
|
| 260 |
_bPoorna Publication, _aKozhikode: _c1986. |
||
| 300 | _a123p | ||
| 650 | _aLekhanam | ||
| 942 |
_cBK _2ddc _h894.8124 _iIRU/U _k894.8124 _mIRU/U |
||